000 00486nam a2200157Ia 4500
008 220216s9999 xx 000 0 und d
100 _aOhlemacher Crittenden J
245 0 _aAging with applied strain of a black-filled natural rubber vulcanizate. Part.1. Network changes
260 _bRubber Chemistry and Technology
_c2008
300 _a650-670
500 _aSource Year: 2008
650 _aAging
650 _aBlack-filled NR vulcanizate
700 _aHamed Gary R
942 _cJS
999 _c53948
_d53948